Monografía de pino piñonero: Pinus pinea

Shranjeno v:
Bibliografske podrobnosti
Corporate Authors: INFOR (Author), CONAF (Author)
Format: Knjiga
Jezik:španščina
Izdano: Santiago Infor-Conaf 1998
Serija:Potencialidad de Especies y Sitios para una Diversificación Silvícola Nacional
Teme:
Oznake: Označite
Brez oznak, prvi označite!

MARC

LEADER 00000nam a2200000 a 4500
001 UCH9689
003 CL-VaPUC
008 100121e19980000CL |||||||||||||||||spa|d
082 0 4 |a 634.9751  |b INF  |2 21 
110 2 |a INFOR  |e author  |9 546938 
710 2 |a CONAF  |e author  |9 546939 
245 1 0 |a Monografía de pino piñonero: Pinus pinea 
300 |a 81 p 
942 |c BK 
945 |d 20100121 00:00:00  |a rbrito 
260 |a Santiago  |b Infor-Conaf  |c 1998 
650 7 |a PINO  |2 CL-VaPUC  |9 374582 
650 0 |a Cultivo  |9 264268 
650 7 |a SILVICULTURA  |2 CL-VaPUC  |9 264178 
650 0 |a Clima  |9 265281 
650 7 |a SUELO  |2 CL-VaPUC  |9 348469 
650 0 |a Control de plagas  |9 327373 
583 |a last modification  |c 20100121 00:00:00  |k Rodrigo Vera 
490 0 |a Potencialidad de Especies y Sitios para una Diversificación Silvícola Nacional 
999 |c 339605  |d 339603 
952 |0 0  |1 0  |4 0  |6 634_975100000000000_INF_1998  |7 0  |8 A  |9 433329  |a BIBAGR  |b BIBAGR  |d 2019-11-22  |i 4636163  |o 634.9751 INF 1998  |p 4636163  |r 2025-01-20  |w 2019-11-22  |y BK  |k AGR